=LDR 00000nam 2200000 4500 =001 INLIS000000000006979 =005 20200416070506 =035 ##$$a 0010-061300000006979 =008 200416################g##########0#ind## =041 ##$$a Ind =082 ##$$a 2x1.12 =090 ##$$a 2x1.12, Aka a =100 1#$$a Akaha, ABduh Zulfidar =245 1#$$a Al-Qur'an dan qiroat, Abduh Zulfidar Akaha /$c Abduh Zulfidar Akaha =260 ##$$a Jakarta :$b Pustaka Al-Kaustar,$c 1996 =300 ##$$a 204 hlm., ; $c 14 x 21 cm =650 #4$$a Al-Qur'an =020 ##$$a 979-592-063-4 =084 ##$$a 2x1.12 AKA a =250 ##$$a cet.1 =990 ##$$a 105.046/Pro-96 =990 ##$$a 0001/BPAP-NTB/2015